[Event "Mechanics' Spring TNM; G/2"]
[Site "San Francisco"]
[Date "2016.03.22"]
[Round "2.9"]
[White "Marcus, Joel"]
[Black "Handler, Andrew To"]
[Result "1/2-1/2"]
[WhiteElo "1936"]
[BlackElo "1759"]
[PlyCount "53"]
[EventDate "2016.??.??"]

1. d4 e6 2. Nf3 f5 3. Bf4 Nf6 4. e3 b6 5. Nc3 Bb4 6. a3 Bxc3+ 7. bxc3 Bb7 8.
Bd3 O-O 9. O-O Ne4 10. Bxe4 fxe4 11. Nd2 d6 12. Qg4 Qe8 13. Bg3 Qg6 14. Qxg6
hxg6 15. Rfb1 Nd7 16. Rb5 Rf5 17. c4 e5 18. c3 g5 19. a4 a5 20. Rb2 Kf7 21. c5
dxc5 22. Nc4 Ke6 23. Rd2 Bd5 24. Nxe5 Nxe5 25. Bxe5 cxd4 26. cxd4 Rf7 27. Rc2
1/2-1/2

[Event "Mechanics' Fall TNM; G/2"]
[Site "San Francisco"]
[Date "2016.10.25"]
[Round "2.24"]
[White "Marcus, Joel"]
[Black "James, Charles"]
[Result "1-0"]
[WhiteElo "1883"]
[BlackElo "1380"]
[PlyCount "83"]
[EventDate "2016.??.??"]

1. d4 d5 2. Bf4 Nf6 3. Nf3 Nbd7 4. e3 Nh5 5. Bg3 Nxg3 6. hxg3 Nf6 7. Bd3 Bg4 8.
Nbd2 e6 9. c3 Bd6 10. Qc2 g6 11. Ne5 Bf5 12. O-O-O Bxe5 13. Bxf5 exf5 14. dxe5
Ng4 15. Nf3 c6 16. Rhe1 Qe7 17. Qd2 O-O-O 18. Re2 Rhe8 19. Qd4 Kb8 20. Qf4 Nxe5
21. Qh6 f6 22. Rh1 Rd7 23. Qf4 Kc8 24. Qa4 b6 25. Nxe5 Qxe5 26. Qxc6+ Qc7 27.
Qa8+ Qb8 28. Qxb8+ Kxb8 29. Rd2 h5 30. Rhd1 Red8 31. c4 Rc8 32. b3 Rc5 33. Kb2
Kc8 34. Rxd5 Rcxd5 35. Rxd5 Rxd5 36. cxd5 Kd7 37. Kc3 Kd6 38. Kc4 a6 39. a4 g5
40. Kd4 a5 41. Kc4 Ke5 42. Kb5 1-0

[Event "Mechanics' Summer TNM; G/2"]
[Site "San Francisco"]
[Date "2016.05.31"]
[Round "2.1"]
[White "Marcus, Joel"]
[Black "Lee, Andy C"]
[Result "0-1"]
[WhiteElo "1913"]
[BlackElo "2390"]
[PlyCount "52"]
[EventDate "2016.??.??"]

1. d4 d6 2. Nf3 Bg4 3. Bf4 Bxf3 4. exf3 g6 5. Bc4 Bg7 6. O-O d5 7. Bb3 e6 8. c4
Ne7 9. Nc3 O-O 10. cxd5 Nxd5 11. Nxd5 exd5 12. Qd2 Nc6 13. Be3 a5 14. Ba4 Ne7
15. Bg5 Qd6 16. Rfe1 Nf5 17. Bc2 Nxd4 18. Be7 Qc6 19. Rac1 Rfe8 20. Bf5 Qb5 21.
Bb1 Ne6 22. Bh4 Bxb2 23. Rcd1 c6 24. f4 Qb4 25. Qe2 Bc3 26. Rf1 Nxf4 0-1

[Event "Mechanics' Alan Benson TNM; G/2"]
[Site "San Francisco"]
[Date "2016.09.06"]
[Round "6.24"]
[White "Marcus, Joel"]
[Black "McEnroe, Glenn Aus"]
[Result "1-0"]
[WhiteElo "1877"]
[BlackElo "1508"]
[PlyCount "63"]
[EventDate "2016.??.??"]

1. d4 Nf6 2. Nf3 g6 3. Bf4 d6 4. e3 Bg7 5. Be2 O-O 6. h3 c5 7. c3 cxd4 8. exd4
Qb6 9. Qb3 Qxb3 10. axb3 Nc6 11. Nbd2 a6 12. Nc4 Nd5 13. Bg3 b5 14. Ne3 Nxe3
15. fxe3 Be6 16. b4 Bd5 17. O-O Bh6 18. Bf4 Bg7 19. Ra3 Ra7 20. Rfa1 Rfa8 21.
Nd2 e5 {Diagram [#]} 22. e4 Bxe4 23. Nxe4 exf4 24. Nxd6 Bxd4+ 25. cxd4 Nxd4 26.
Bd3 Nc6 27. Be4 Rd8 28. Nxb5 axb5 29. Bxc6 Rxa3 30. bxa3 Rb8 31. a4 bxa4 32.
Rxa4 1-0

[Event "Mechanics' Spring TNM; G/2"]
[Site "San Francisco"]
[Date "2016.05.03"]
[Round "8.12"]
[White "Marcus, Joel"]
[Black "Melville, Cailen"]
[Result "0-1"]
[WhiteElo "1936"]
[BlackElo "1811"]
[Annotator "Donaldson"]
[PlyCount "70"]
[EventDate "2016.??.??"]

1. d4 e6 2. Nf3 f5 3. Bf4 d6 4. e3 h6 5. Bc4 g5 6. Bg3 Nf6 7. Nc3 a6 8. Qe2 Bd7
9. O-O-O Bg7 10. h3 Qe7 11. Rhe1 b5 12. Bb3 b4 13. Nb1 a5 14. Nbd2 a4 15. Bc4
O-O 16. e4 f4 17. Bh2 Nh7 18. g3 a3 19. b3 Kh8 20. e5 d5 21. Bd3 Be8 22. Ne4 {
Pretty, but} (22. gxf4 gxf4 23. Rg1 $16 {was more effective.}) 22... Nd7 23.
Nf6 (23. gxf4) 23... Nhxf6 24. exf6 Rxf6 25. gxf4 Bh5 26. Qe3 gxf4 $19 27. Bxf4
Raf8 28. Be5 Nxe5 $2 (28... Bxf3 $19) 29. Nxe5 Rxf2 {
Time pressure likely affected the concluding moves of the game.} 30. Rd2 $2 (
30. Be2) 30... Rxd2 $2 (30... Qg5 $19) 31. Kxd2 Qd6 $2 {Diagram [#]} (31... Qg5
) 32. Rg1 (32. Bg6 $1) 32... Qe7 (32... Be8) 33. Qg3 (33. Bg6 $1) 33... Qg5+
34. Qxg5 hxg5 35. Rxg5 $4 Bh6 0-1

[Event "Mechanics' Spring TNM; G/2"]
[Site "San Francisco"]
[Date "2016.04.05"]
[Round "4.24"]
[White "Marcus, Joel"]
[Black "Oyuntseren, Togtok"]
[Result "1/2-1/2"]
[WhiteElo "1936"]
[BlackElo "1571"]
[PlyCount "75"]
[EventDate "2016.??.??"]

1. d4 c5 2. c3 Nf6 3. Nf3 d5 4. Bf4 Nc6 5. e3 a6 6. Bd3 c4 7. Bc2 e6 8. Nbd2
Bd6 9. O-O Bxf4 10. exf4 Qc7 11. Ne5 g6 12. Re1 Nxe5 13. fxe5 Nh5 14. Re3 Qe7
15. Qg4 Bd7 16. b3 b5 17. a4 O-O 18. Rh3 f5 19. exf6 Nxf6 20. Qg5 e5 21. dxe5
Bxh3 22. exf6 Qxf6 23. Qxf6 Rxf6 24. gxh3 Raf8 25. Rf1 Kg7 26. Bd1 bxa4 27.
bxa4 Rb8 28. Nf3 Rb1 29. Nd4 Rc1 30. Bc2 Rxf1+ 31. Kxf1 Rb6 32. Ke2 Kf6 33. f4
h6 34. h4 Rb2 35. Ke3 Ra2 36. Kd2 Ra1 37. Bd1 Ra2+ 38. Bc2 1/2-1/2

[Event "Mechanics' Summer TNM; G/2"]
[Site "San Francisco"]
[Date "2016.06.28"]
[Round "6.9"]
[White "Marcus, Joel"]
[Black "Smith III, Mahlon"]
[Result "0-1"]
[WhiteElo "1913"]
[BlackElo "2060"]
[Annotator "Donaldson"]
[PlyCount "88"]
[EventDate "2016.??.??"]

1. d4 Nf6 2. Nf3 g6 3. Bf4 Bg7 4. e3 d6 5. h3 O-O 6. Be2 c5 7. O-O Qb6 8. Na3
Nbd7 9. Nc4 Qc7 10. c3 b5 11. Ncd2 Rb8 12. b4 c4 13. Bg3 Nb6 14. Qc1 Bb7 15.
Bd1 Ne4 16. Nxe4 Bxe4 17. a4 a6 18. a5 Nd5 19. Qd2 Rbc8 20. Rc1 Qb7 21. Re1 Nf6
22. Be2 Bd5 23. Bf4 Ne4 24. Qd1 h6 25. Bf1 g5 26. Bh2 Qd7 27. Nd2 Nxd2 28. Qxd2
f5 29. f3 Qe6 30. Re2 Bc6 31. Rce1 d5 32. Rf2 Qg6 33. Be2 h5 34. Ref1 h4 35.
Qd1 Bd7 36. Kh1 Bf6 37. Rg1 Kg7 38. f4 g4 39. g3 Rh8 40. gxh4 Rxh4 41. hxg4
fxg4 42. Rfg2 Qe4 (42... Kf7) 43. Bxg4 $4 (43. Bf3) 43... Rxg4 44. Qe2 Kf7 0-1

[Event "Mechanics' Fall TNM; G/2"]
[Site "San Francisco"]
[Date "2016.11.29"]
[Round "7.11"]
[White "Marcus, Joel"]
[Black "Walder, Michael S"]
[Result "0-1"]
[WhiteElo "1883"]
[BlackElo "2084"]
[PlyCount "72"]
[EventDate "2016.??.??"]

1. d4 Nf6 2. Nf3 g6 3. Bf4 Bg7 4. e3 O-O 5. h3 c5 6. c3 d6 7. Be2 b6 8. O-O Bb7
9. a4 a6 10. Nbd2 Nbd7 11. Qb3 Ra7 12. Rfd1 Qa8 13. c4 Rb8 14. d5 b5 15. e4
bxc4 16. Qxc4 Bc8 17. Bh2 Rxb2 18. Ra3 a5 19. Qc1 Rb4 20. e5 Nxd5 21. Nc4 Ba6
22. Ra2 Bxc4 23. Bxc4 N5b6 24. Bb5 d5 25. Re2 e6 26. Bf4 Nc4 27. Rde1 Ndb6 28.
Bh6 Qd8 29. Bxg7 Kxg7 30. Nd2 Qg5 31. Nxc4 Qxc1 32. Rxc1 Nxc4 33. Bxc4 dxc4 34.
Rec2 Rxa4 35. Rxc4 Rxc4 36. Rxc4 a4 {
Black went on to win the ending. Remaining moves are unavailable.} 0-1

[Event "Mechanics' Winter TNM; G/2"]
[Site "San Francisco"]
[Date "2016.01.19"]
[Round "3.8"]
[White "Marcus, Joel"]
[Black "Wong, Russell"]
[Result "0-1"]
[WhiteElo "1893"]
[BlackElo "2200"]
[Annotator "Donaldson"]
[PlyCount "44"]
[EventDate "2016.??.??"]

1. d4 g6 (1... Nf6 2. Nf3 g6 3. Bf4 Bg7 4. e3 O-O 5. Be2 d6 6. O-O Nbd7 7. c3
e6 (7... Qe8 8. h3 e5 9. Bh2 Qe7) 8. Nbd2 Qe7 9. h3 e5) 2. Nf3 Bg7 3. Bf4 (3.
e4 d6 4. c3) (3. Bg5) 3... d6 4. c3 Nd7 5. Nbd2 e5 6. dxe5 dxe5 7. Bg3 Ne7 8.
e4 O-O 9. Bc4 a6 10. a4 h6 11. O-O g5 12. h4 (12. Re1 Ng6 13. Nf1 Nf4 14. Ne3
Nb6 15. Bb3) 12... Ng6 13. hxg5 hxg5 14. Qe2 Nf4 15. Bxf4 gxf4 (15... exf4 16.
e5 g4 17. e6 gxf3 18. Nxf3 fxe6 $2 19. Qxe6+ Kh7 (19... Kh8 20. Qh3+) 20. Bd3+
Kh8 21. Qh3+ Kg8 22. Qh7+ Kf7 23. Qg6+ Kg8 24. Bc4+ Kh8 25. Qh5+) 16. g3 (16.
Rfd1) 16... Qf6 17. Kg2 Nb6 18. Bb3 Be6 19. Bc2 (19. Bxe6 fxe6 20. g4) 19...
Rad8 20. Nh4 Bh6 21. Nhf3 Bg4 22. Rh1 {Diagram #} Rxd2 $1 0-1

[Event "Mechanics' Alan Benson TNM; G/2"]
[Site "San Francisco"]
[Date "2016.08.16"]
[Round "3.40"]
[White "Marrus, Matthew E"]
[Black "Baterdene, Jonathan"]
[Result "1-0"]
[WhiteElo "1335"]
[BlackElo "966"]
[PlyCount "59"]
[EventDate "2016.??.??"]

1. e4 e5 2. Nf3 Nc6 3. Bb5 d6 4. d4 Bg4 5. d5 a6 6. Be2 Nd4 $4 7. Nxd4 Bxe2 8.
Nxe2 c6 9. dxc6 bxc6 10. Nbc3 Nf6 11. O-O d5 12. Bg5 d4 13. Nb1 Be7 14. Ng3 Qb6
15. b3 O-O 16. c3 Rad8 17. Nf5 Kh8 18. Nxe7 Nxe4 19. Nxc6 Rd6 20. Be7 Rxc6 21.
Bxf8 Nxc3 22. Nxc3 Rxc3 23. Kh1 h6 24. Qg4 g5 25. Qh5 Qf6 26. Bxh6 Kg8 27. Bxg5
Qg7 28. f4 f6 29. Bh6 Qh7 30. Qe8# 1-0

[Event "Mechanics' Alan Benson TNM; G/2"]
[Site "San Francisco"]
[Date "2016.09.06"]
[Round "6.39"]
[White "Marrus, Matthew E"]
[Black "Bayaraa, Bilguun"]
[Result "0-1"]
[WhiteElo "1335"]
[BlackElo "796"]
[Annotator "Winslow,Elliott"]
[PlyCount "42"]
[EventDate "2016.??.??"]

{Nice upset by Bilguun!} 1. e4 c5 2. Nf3 d6 3. Bc4 Nf6 4. Nc3 g6 5. Ng5 e6 6.
O-O Bg7 7. d3 O-O 8. Qf3 Nc6 9. Bf4 Nd4 10. Qd1 e5 11. Bg3 Nh5 12. Bh4 h6 13.
Nxf7 Qxh4 14. Nxe5+ Kh7 15. Ng4 Bxg4 16. f3 Be5 17. g3 Bxg3 18. Qd2 Rxf3 {
I've been reading I.Sokolov's "Sacrifice and Initiative in Chess" -- he's fond
of looking at the attackers vs. defenders ratio. He would love this position.}
19. Qg2 Nf4 20. Rxf3 Nxf3+ 21. Kf1 Nxg2 0-1

[Event "Mechanics' Fall TNM; G/2"]
[Site "San Francisco"]
[Date "2016.12.06"]
[Round "8.43"]
[White "Marrus, Matthew E"]
[Black "Bayaraa, Timothy"]
[Result "1-0"]
[WhiteElo "1324"]
[BlackElo "554"]
[PlyCount "51"]
[EventDate "2016.??.??"]

1. e4 e5 2. Nc3 Nf6 3. Bc4 Bc5 4. d3 Nc6 5. Nf3 d6 6. Bg5 Be6 7. Nd5 Bxd5 8.
Bxd5 h6 9. Be3 Bxe3 10. fxe3 Qd7 11. Bb3 Qg4 12. Qe2 Nb4 13. O-O-O d5 14. exd5
Nfxd5 15. e4 Nf4 16. Qd2 c5 17. Bxf7+ Kxf7 18. Nxe5+ Kg8 19. Nxg4 Nxa2+ 20. Kb1
Nb4 21. Qxf4 Rf8 22. Qd6 Kh7 23. Ne5 Rf6 24. Qe7 Rhf8 25. Ng4 R6f7 26. Qxc5 1-0

[Event "Mechanics' Fall TNM; G/2"]
[Site "San Francisco"]
[Date "2016.11.22"]
[Round "6.32"]
[White "Marrus, Matthew E"]
[Black "Hack, Richard"]
[Result "0-1"]
[WhiteElo "1324"]
[BlackElo "1611"]
[Annotator "Donaldson"]
[PlyCount "48"]
[EventDate "2016.??.??"]

1. e4 e5 2. Nf3 Nc6 3. Bc4 Bc5 4. Nc3 Nf6 5. d3 h6 6. h3 O-O 7. O-O d6 8. Nh4
$2 (8. Be3) 8... Nxe4 9. Ng6 $2 (9. Nxe4 Qxh4 10. Nxc5 dxc5 11. Be3 {
would have have kept Black's advantage to a minimum.}) 9... Nxf2 10. Rxf2 Bxf2+
11. Kxf2 Qf6+ 12. Nf4 exf4 13. Nd5 Qd8 14. Bxf4 Ne5 15. Bb3 Ng6 16. Bg3 Be6 17.
Qf3 c6 18. Nf4 Bxb3 19. axb3 Qf6 20. Re1 Rfe8 21. Rb1 Qd4+ 22. Kf1 Nxf4 23.
Bxf4 Re6 24. Bg3 Rf6 0-1

[Event "Mechanics' Alan Benson TNM; G/2"]
[Site "San Francisco"]
[Date "2016.08.02"]
[Round "1.23"]
[White "Marrus, Matthew E"]
[Black "Maser, Thomas F"]
[Result "0-1"]
[WhiteElo "1335"]
[BlackElo "1927"]
[Annotator "Donaldson"]
[PlyCount "48"]
[EventDate "2016.??.??"]

1. e4 e5 2. Nf3 Nc6 3. Bc4 Nf6 4. Nc3 Be7 5. d3 O-O 6. O-O d6 7. Be3 Na5 8. Nd5
Nxc4 9. Nxe7+ Qxe7 10. dxc4 Nxe4 11. Ne1 Be6 12. Qf3 f5 13. b3 c6 14. Qh5 f4
15. Bc1 Rf5 16. Qf3 d5 17. Nd3 Qh4 18. cxd5 Rh5 19. h3 Bxd5 (19... Ng5 $1) 20.
Qe2 (20. Qg4) 20... Nc3 21. Qe1 {Diagram [#]} Bxg2 $1 22. Nxf4 Bxh3 23. Nxh5
Qg4+ 24. Ng3 Qf3 0-1

[Event "Mechanics' Fall TNM; G/2"]
[Site "San Francisco"]
[Date "2016.11.15"]
[Round "5.37"]
[White "Marrus, Matthew E"]
[Black "Starr, Albert Mart"]
[Result "0-1"]
[WhiteElo "1324"]
[BlackElo "1511"]
[PlyCount "56"]
[EventDate "2016.??.??"]

1. e4 e5 2. Nf3 Nf6 3. Nc3 Bb4 4. Bc4 O-O 5. O-O d6 6. d3 h6 7. h3 Re8 8. Nd5
Nxd5 9. Bxd5 c6 10. Bb3 Be6 11. c4 Nd7 12. a3 Ba5 13. d4 f6 14. d5 cxd5 15.
cxd5 Bf7 16. Nh4 Nf8 17. Qg4 Qd7 18. Nf5 Bg6 19. f4 Bxf5 20. exf5 e4 21. Ba2
Bb6+ 22. Kh2 Qb5 23. Bd2 Qxb2 24. Bb4 Rad8 25. Qh5 Re7 26. Bc4 Be3 27. Ra2 Qd4
28. Rd1 Qxc4 0-1

[Event "Mechanics' Fall TNM; G/2"]
[Site "San Francisco"]
[Date "2016.12.13"]
[Round "9.8"]
[White "Maser, Thomas F"]
[Black "Andries, W Craig"]
[Result "1-0"]
[WhiteElo "1946"]
[BlackElo "1877"]
[Annotator "Donaldson"]
[PlyCount "73"]
[EventDate "2016.??.??"]

1. e4 g6 2. d4 Bg7 3. Nf3 d6 4. Bc4 c6 5. O-O Nd7 6. Be3 a6 7. c3 b5 {
Diagram [#]} 8. Bxf7+ $1 Kxf7 9. Ng5+ Ke8 10. Ne6 Qb6 11. d5 (11. Nxg7+ Kf7 12.
Ne6) 11... Nc5 12. Nxg7+ Kf7 13. Ne6 Bxe6 14. dxe6+ Kxe6 15. b4 Nf6 16. f3 a5
17. Nd2 a4 18. Qe2 Nfd7 19. f4 Kf7 20. Bd4 Rhf8 21. e5 Kg8 22. Ne4 Rae8 23.
bxc5 dxc5 24. Be3 Qa5 25. Rad1 Nb6 26. Bxc5 Nd5 27. Qg4 b4 28. Qe6+ Kg7 29.
cxb4 Qb5 30. Qg4 h5 31. Qg3 Qc4 32. Rd4 Qxa2 33. f5 Rg8 34. Qxg6+ Kf8 35. Qh6+
Rg7 36. Rd2 Qc4 37. f6 1-0

[Event "Mechanics' Winter TNM; G/2"]
[Site "San Francisco"]
[Date "2016.02.09"]
[Round "6.15"]
[White "Maser, Thomas F"]
[Black "Ayinala, Shree"]
[Result "1-0"]
[WhiteElo "1944"]
[BlackElo "1671"]
[Annotator "Donaldson"]
[PlyCount "87"]
[EventDate "2016.??.??"]

1. e4 c5 2. Nf3 d6 3. d4 cxd4 4. Nxd4 Nf6 5. Nc3 g6 6. h3 Bg7 7. Be3 O-O 8. Bc4
Nc6 9. Bb3 Bd7 10. O-O Re8 11. Re1 Na5 12. Qd3 Nxb3 13. axb3 a6 14. Nd5 Nxd5
15. exd5 e6 16. dxe6 Bxe6 17. c3 Qd7 18. Nxe6 Rxe6 19. Bf4 Rae8 20. Rxe6 Rxe6
21. Rd1 Be5 22. Bxe5 Rxe5 {Diagram # Can White take the pawn on d6?} 23. c4 (
23. Qxd6 $4 Re1+ $1 {is a very common tactic.}) 23... b5 24. Qd4 Qe7 25. Qxd6
Qxd6 26. Rxd6 bxc4 27. bxc4 Re1+ 28. Kh2 Re2 29. b4 Rb2 30. Rb6 a5 $2 31. bxa5
Rxf2 32. a6 Ra2 33. c5 Kf8 34. c6 Ke7 35. a7 Kd6 36. Rb7 Kxc6 37. Rxf7 Kb6 38.
Rxh7 Rxa7 39. Rxa7 Kxa7 40. Kg3 Kb6 41. Kg4 Kc5 42. Kg5 Kd4 43. Kxg6 Ke5 44. h4
1-0

[Event "Mechanics' Summer TNM; G/2"]
[Site "San Francisco"]
[Date "2016.07.05"]
[Round "7.11"]
[White "Maser, Thomas F"]
[Black "Bekhyur, Bayaraa"]
[Result "1/2-1/2"]
[WhiteElo "1985"]
[BlackElo "1816"]
[Annotator "Donaldson"]
[PlyCount "28"]
[EventDate "2016.??.??"]

1. e4 c5 2. Nf3 d6 3. d4 cxd4 4. Nxd4 Nf6 5. Nc3 a6 6. Be2 Qc7 7. O-O b5 8. f4
(8. a4 b4 9. Nd5 Nxd5 10. exd5 $16) 8... Bb7 9. Bf3 Nbd7 10. Qe2 (10. a4 e5) (
10. Nd5 $1 $14) 10... b4 11. Na4 $2 (11. Nd5 $1 $14) 11... e5 $1 $17 12. Nf5 g6
(12... Bc6 $1) 13. Ng3 (13. Ne3) 13... Bc6 14. b3 Bb5 $17 1/2-1/2

[Event "Mechanics' Summer TNM; G/2"]
[Site "San Francisco"]
[Date "2016.05.24"]
[Round "1.16"]
[White "Maser, Thomas F"]
[Black "Cheng, Andrew Ys"]
[Result "1-0"]
[WhiteElo "1985"]
[BlackElo "1381"]
[Annotator "Donaldson"]
[PlyCount "65"]
[EventDate "2016.??.??"]

1. e4 e5 2. Nf3 Nc6 3. Bb5 d6 4. O-O Nf6 5. Re1 a6 6. Ba4 b5 7. Bb3 Bg4 8. c3
g6 9. d4 exd4 10. Bg5 dxc3 11. Nxc3 Bg7 12. Bxf6 Bxf6 13. Qd5 O-O $2 (13... Qd7
) 14. Qxc6 Bxf3 15. gxf3 Be5 16. Nd5 Qg5+ 17. Kf1 Bxh2 18. Ke2 Qe5 19. Qc3 Qxc3
20. Nxc3 Be5 21. Rac1 c6 22. Nd1 c5 23. Bd5 Rab8 24. b3 Kg7 25. Rc2 h5 26. Nb2
Bxb2 27. Rxb2 h4 28. f4 h3 29. Rh1 Rh8 30. Rh2 Rh4 31. Kf3 Kf6 32. Kg3 Rbh8 33.
Rd2 {and White soon won. Remaining moves unavailable.} 1-0

[Event "Mechanics' Spring TNM; G/2"]
[Site "San Francisco"]
[Date "2016.03.22"]
[Round "2.17"]
[White "Maser, Thomas F"]
[Black "Frank, Robert H"]
[Result "1-0"]
[WhiteElo "1932"]
[BlackElo "1319"]
[PlyCount "25"]
[EventDate "2016.??.??"]

1. e4 e5 2. Nf3 Nf6 3. Nc3 Nc6 4. Bb5 d6 5. d4 exd4 6. Nxd4 Qd7 7. O-O a6 8.
Bxc6 bxc6 9. Bg5 Qg4 10. Qd2 c5 11. Bxf6 gxf6 12. Nd5 Rb8 13. Nxf6+ 1-0

[Event "Mechanics' Winter TNM; G/2"]
[Site "San Francisco"]
[Date "2016.02.23"]
[Round "8.7"]
[White "Maser, Thomas F"]
[Black "Gaffagan, Steven"]
[Result "0-1"]
[WhiteElo "1944"]
[BlackElo "2040"]
[PlyCount "88"]
[EventDate "2016.??.??"]

1. e4 c5 2. Nf3 d6 3. d4 cxd4 4. Nxd4 Nf6 5. Be2 Nxe4 6. O-O e6 7. Re1 d5 8. c4
Be7 9. cxd5 exd5 10. Bf3 O-O 11. Nd2 Nxd2 12. Bxd2 Nc6 13. Bc3 Bf6 14. Rc1 Ne5
15. Bb4 Re8 16. Nb5 Nxf3+ 17. Qxf3 Rxe1+ 18. Rxe1 Be6 19. Bc3 Bxc3 20. bxc3 Qb6
21. Nd4 Rc8 22. h3 h6 23. Qe3 Qc5 24. Nxe6 Qxe3 25. Rxe3 fxe6 26. Rxe6 Rxc3 27.
Re7 Rc1+ 28. Kh2 Rc2 29. Rxb7 Rxa2 30. Rd7 Ra5 31. Kg3 a6 32. Kf3 Rb5 33. h4 a5
34. Ra7 Kh7 35. h5 d4 36. g4 Rd5 37. Ke2 d3+ 38. Kd2 Kg8 39. f3 Kf8 40. f4 Rd4
41. Ra8+ Kf7 42. Ra7+ Kg8 43. Ra8+ Kf7 44. Ra7+ Kf6 0-1

[Event "Mechanics' Spring TNM; G/2"]
[Site "San Francisco"]
[Date "2016.04.12"]
[Round "5.18"]
[White "Maser, Thomas F"]
[Black "Harmon, Fredrick G"]
[Result "1/2-1/2"]
[WhiteElo "1932"]
[BlackElo "1812"]
[PlyCount "93"]
[EventDate "2016.??.??"]

1. e4 c5 2. Nf3 Nc6 3. d4 cxd4 4. Nxd4 e6 5. Be3 Nf6 6. Nc3 Be7 7. Be2 d6 8.
O-O O-O 9. Kh1 e5 10. Nb3 Be6 11. f4 exf4 12. Bxf4 a6 13. a4 Rc8 14. Qd2 Ne5
15. Nd4 Ng6 16. Bg3 Qc7 17. Rad1 Rfd8 18. h4 Bg4 19. Bxg4 Nxg4 20. Nd5 Qd7 21.
Nb6 Qe8 22. Nxc8 Rxc8 23. Nf5 h5 24. c3 Rd8 25. Qd5 N6e5 26. Qxb7 Bf8 27. Qd5
g6 28. Bxe5 Nxe5 29. Nd4 Ng4 30. Rde1 Be7 31. Nf3 Bf6 32. Ng5 Bxg5 33. Qxg5 Rb8
34. b4 Rc8 35. Qd5 Qe7 36. g3 Rxc3 37. Rc1 Rxg3 38. Rc8+ Kg7 39. Qd4+ Ne5 40.
Rc2 Qxh4+ 41. Rh2 Qg4 42. b5 axb5 43. axb5 Rd3 44. Qf2 Rf3 45. Qe2 Rxf1+ 46.
Qxf1 Qxe4+ 47. Rg2 1/2-1/2

[Event "Mechanics' Fall TNM; G/2"]
[Site "San Francisco"]
[Date "2016.10.25"]
[Round "2.18"]
[White "Maser, Thomas F"]
[Black "Kuczek, Kevin W"]
[Result "1-0"]
[WhiteElo "1946"]
[BlackElo "1742"]
[PlyCount "65"]
[EventDate "2016.??.??"]

1. e4 e5 2. Nf3 Nc6 3. Bb5 Nf6 4. d3 Bc5 5. O-O Nd4 6. Nxd4 Bxd4 7. c3 Bb6 8.
Bg5 h6 9. Bh4 O-O 10. Nd2 c6 11. Bc4 d5 12. Bxf6 gxf6 13. Bb3 Kh7 14. Qh5 Be6
15. Kh1 Rg8 16. exd5 Bg4 17. Qh4 cxd5 18. f3 Bf5 19. d4 Rg5 20. Rfe1 Qd6 21. f4
Rg4 22. fxe5 fxe5 23. Qh5 Qd7 24. Rxe5 Rg5 25. Qf3 Be6 26. Rxg5 hxg5 27. Qh5+
Kg7 28. Qxg5+ Kf8 29. Nf3 Bd8 30. Qh6+ Ke8 31. Ne5 Qc7 32. Re1 Ke7 33. Nxf7 1-0

[Event "Mechanics' Alan Benson TNM; G/2"]
[Site "San Francisco"]
[Date "2016.09.13"]
[Round "7.17"]
[White "Maser, Thomas F"]
[Black "Kuczek, Kevin W"]
[Result "1-0"]
[WhiteElo "1927"]
[BlackElo "1742"]
[PlyCount "116"]
[EventDate "2016.??.??"]

1. e4 e5 2. Nf3 Nc6 3. Bb5 Nf6 4. d3 Bc5 5. O-O d6 6. Bg5 h6 7. Bh4 O-O 8. c3
Bg4 9. Nbd2 Qe7 10. b4 Bb6 11. Nc4 Nd8 12. Ne3 Bxe3 13. fxe3 c6 14. Bc4 d5 15.
Bxf6 Qxf6 16. exd5 e4 17. dxe4 b5 18. Bb3 Qxc3 19. Qd4 Qxd4 20. Nxd4 cxd5 21.
exd5 Nb7 22. Nxb5 Be2 23. Nc7 Bxf1 24. Nxa8 Bxg2 25. Kxg2 Rxa8 26. Rc1 Nd6 27.
Rc7 a5 28. bxa5 Rxa5 29. Rd7 Ra6 30. Kf3 Kf8 31. Rc7 Ke8 32. Rc6 Rxc6 33. dxc6
Kd8 34. Bd5 f6 35. a4 Ne8 36. Kg4 Nc7 37. e4 g6 38. Bf7 g5 39. Kf5 Ke7 40. Bc4
Ne8 41. Kg6 Nd6 42. Bd5 Nc8 43. Kxh6 Kd6 44. Kg6 Ke7 45. Kg7 Nb6 46. Bb3 Na8
47. a5 Nc7 48. Kg6 Na6 49. Bc4 Nc7 50. a6 Na8 51. a7 Kd6 52. Kxf6 Nb6 53. Kxg5
Kxc6 54. Bd5+ Kd6 55. a8=Q Nxa8 56. Bxa8 Ke7 57. h4 Kf8 58. h5 Ke7 {
All right already (no more moves listed)} 1-0

[Event "Mechanics' Alan Benson TNM; G/2"]
[Site "San Francisco"]
[Date "2016.08.30"]
[Round "5.17"]
[White "Maser, Thomas F"]
[Black "McEnroe, Glenn Aus"]
[Result "1-0"]
[WhiteElo "1927"]
[BlackElo "1508"]
[PlyCount "105"]
[EventDate "2016.??.??"]

1. e4 e6 2. d4 d5 3. Nd2 Nc6 4. Ngf3 Nf6 5. e5 Nd7 6. Bd3 Nb4 7. Bb5 a6 8.
Bxd7+ Bxd7 9. a3 Nc6 10. O-O f6 11. Re1 fxe5 12. Nxe5 Nxe5 13. Rxe5 Bd6 14. Re1
Qf6 15. Nf3 O-O 16. Bg5 Qf5 17. Bh4 Rae8 18. Bg3 Bxg3 19. hxg3 Rf6 20. Qd2 h6
21. Re5 Qg6 22. Re3 Bc8 23. Rae1 c6 24. Qe2 Qg4 25. Qd3 Qf5 26. Qxf5 Rxf5 27.
Nh4 Rf6 28. Re5 Kf7 29. f4 g6 30. Nf3 Rf5 31. R5e3 Rf6 32. Ne5+ Kg7 33. Nd3 Kf7
34. g4 Kg7 35. Kh2 Ref8 36. g3 Kf7 37. Nc5 Re8 38. Na4 Ke7 39. Nb6 Bd7 40. Kg2
Kd6 41. Rb3 Re7 42. Rh1 g5 43. fxg5 hxg5 44. Rh5 e5 45. Nxd7 Rxd7 46. dxe5+
Kxe5 47. Rxg5+ Ke4 48. Rb4+ Ke3 49. Rf5 Rff7 50. Rbf4 Rfe7 51. Rf1 Kd4 52. R1f2
Kc5 53. g5 $138 1-0

[Event "Mechanics' Summer TNM; G/2"]
[Site "San Francisco"]
[Date "2016.06.07"]
[Round "3.19"]
[White "Maser, Thomas F"]
[Black "Paquette, James"]
[Result "1-0"]
[WhiteElo "1985"]
[BlackElo "1651"]
[PlyCount "75"]
[EventDate "2016.??.??"]

1. e4 g6 2. d4 Bg7 3. Nc3 c5 4. dxc5 Bxc3+ 5. bxc3 Qa5 6. Qd4 Nf6 7. Qb4 Qxb4
8. cxb4 Nc6 9. b5 Nd4 10. Bd3 b6 11. cxb6 axb6 12. Be3 Ra4 13. c3 Ne6 14. f3
Ra3 15. Bxb6 Nf4 16. Kd2 Nxg2 17. Ne2 Nh4 18. Rhf1 Bb7 19. Bc5 Ra8 20. c4 e6
21. Bd4 e5 22. Be3 O-O 23. Bg5 Nxf3+ 24. Rxf3 Nxe4+ 25. Bxe4 Bxe4 26. Rb3 f6
27. Be3 Ra4 28. Nc3 Rxc4 29. Nxe4 Rxe4 30. b6 Rb8 31. b7 Ra4 32. a3 d5 33. Rc1
Kf7 34. Rc8 Rxa3 35. Rc7+ Ke6 36. Rxa3 d4 37. Ra7 dxe3+ 38. Kxe3 1-0

[Event "Mechanics' Fall TNM; G/2"]
[Site "San Francisco"]
[Date "2016.12.06"]
[Round "8.16"]
[White "Maser, Thomas F"]
[Black "Sadowsky, Jacob An"]
[Result "1-0"]
[WhiteElo "1946"]
[BlackElo "1697"]
[Annotator "Donaldson"]
[PlyCount "49"]
[EventDate "2016.??.??"]

1. e4 Nf6 2. Nc3 e5 3. Nf3 Nc6 4. Bb5 d6 5. h3 (5. d4 exd4 6. Nxd4 Bd7 7. Bxc6
bxc6 8. O-O Be7 9. Re1 O-O) 5... Be7 6. O-O O-O 7. Re1 (7. d4) 7... Nd4 8. Bd3
Bd7 9. Nxd4 exd4 10. Ne2 c5 11. f4 Qc7 12. c4 Qc8 13. f5 g6 14. Nf4 gxf5 15.
exf5 Bd8 16. g4 Kh8 17. Bf1 Rg8 18. Bg2 h5 19. Qf3 hxg4 20. hxg4 Rxg4 21. Qh3+
Kg8 22. Nd5 Bxf5 23. Re7 {Diagram [#]} Nxd5 $4 (23... Kg7 $1 24. Nxf6 Bxe7) 24.
Re8+ Kg7 25. Qh8+ 1-0